000 00725nam a22001937a 4500
003 BD-DhUL
005 20160828164357.0
008 160828s1990 b ||||| |||| 001 0 b d
040 _aBD-DhUL
_cBD-DhUL
082 _a398.9
_bIMB
100 1 _aইমাম, ইবনে
245 1 0 _aবিশ্বের একশো আঠারো ভাষা প্রবাদ /
_cইবনে ইমাম
260 _aকলকাতা :
_bইউনিভার্সাল বুক,
_cc ১৯৯০
300 _a[১৩], ৩২০ পৃ. :
_c২২ সে. মি.
500 _aনির্ঘন্ট সংবলিত
650 0 _aপ্রবাদ বাক্য
650 0 _aProverb
942 _2ddc
_cBK
999 _c101897
_d101897